000
00327nam a2200133Ia 4500
008
240624s9999 xx 000 0 und d
041
_a
eng
082
_a
658.4063 KEL
100
_a
KELLEY THOMAS
245
_a
ART OF INNOVATION LESSONS IN CREATIVITY
260
_c
2001
_b
Broadway Business
300
_a
320 : p.
365
_c
RS
999
_c
16584
_d
16584